[Event "12. Obert Pobla de Lillet 2002"]
[Site "La Pobla de Lillet ESP"]
[Date "2002.08.09"]
[Round "8.1"]
[White "Kalod, Radek"]
[Black "Pogorelov, Ruslan"]
[Result "1/2-1/2"]
[WhiteElo "2451"]
[BlackElo "2453"]
[PlyCount "86"]
[EventDate "2002.08.02"]
[EventType "swiss"]
[EventRounds "9"]
[EventCountry "ESP"]
[Source "lmi"]
[SourceDate "2002.08.02"]

1. g3 c5 2. Bg2 Nc6 3. Nf3 e5 4. e4 g6 5. O-O Bg7 6. c3 Nge7 7. d3 O-O 8. a3 d6
9. b4 cxb4 10. axb4 b5 11. Na3 Rb8 12. Nc2 h6 13. Ra3 Be6 14. Re1 a5 15. bxa5
Nxa5 16. Nb4 Nac6 17. Be3 Nxb4 18. cxb4 Ra8 19. Rxa8 Qxa8 20. d4 Bc4 21. Qc1
Kh7 22. dxe5 dxe5 23. Bc5 Re8 24. Nd2 Be6 25. Qc3 Nc6 26. Ra1 Qb7 27. Nb3 Ra8
28. Na5 Qd7 29. Nxc6 Rxa1+ 30. Qxa1 Qxc6 31. h4 h5 32. Qa7 Qd7 33. Qxd7 Bxd7
34. Bf1 Bc6 35. Bd3 Bh6 36. f3 Kg7 37. Kf2 f6 38. Be3 Bxe3+ 39. Kxe3 g5 40. Be2
gxh4 41. gxh4 Kh6 42. f4 Be8 43. Bd3 Kg7 1/2-1/2

[Event "12. Obert Pobla de Lillet 2002"]
[Site "La Pobla de Lillet ESP"]
[Date "2002.08.09"]
[Round "8.2"]
[White "Felgaer, Ruben"]
[Black "Peralta, Fernando"]
[Result "1/2-1/2"]
[WhiteElo "2528"]
[BlackElo "2499"]
[PlyCount "35"]
[EventDate "2002.08.02"]
[EventType "swiss"]
[EventRounds "9"]
[EventCountry "ESP"]
[Source "lmi"]
[SourceDate "2002.08.02"]

1. e4 c5 2. Nf3 e6 3. b3 b6 4. Bb2 Bb7 5. Qe2 d6 6. g3 Nf6 7. d3 g6 8. Bg2 Bg7
9. O-O O-O 10. Nbd2 Nc6 11. Rab1 e5 12. h3 Re8 13. c4 Nh5 14. Ne1 Bh6 15. Nc2
Nd4 16. Nxd4 exd4 17. Kh2 d5 18. cxd5 1/2-1/2

[Event "12. Obert Pobla de Lillet 2002"]
[Site "La Pobla de Lillet ESP"]
[Date "2002.08.09"]
[Round "8.3"]
[White "Berzinsh, Roland"]
[Black "Kovacevic, Slobodan"]
[Result "1/2-1/2"]
[WhiteElo "2463"]
[BlackElo "2374"]
[PlyCount "28"]
[EventDate "2002.08.02"]
[EventType "swiss"]
[EventRounds "9"]
[EventCountry "ESP"]
[Source "lmi"]
[SourceDate "2002.08.02"]

1. e4 c5 2. Nf3 e6 3. b3 a6 4. Bb2 b6 5. Bd3 d6 6. O-O Bb7 7. c4 Nf6 8. Nc3 Nc6
9. Rc1 g6 10. Bb1 Bh6 11. Na4 e5 12. Nc3 O-O 13. Ne1 Nd4 14. Nc2 b5 1/2-1/2

[Event "12. Obert Pobla de Lillet 2002"]
[Site "La Pobla de Lillet ESP"]
[Date "2002.08.09"]
[Round "8.5"]
[White "Dziuba, Marcin"]
[Black "Velicka, Petr"]
[Result "0-1"]
[WhiteElo "2454"]
[BlackElo "2435"]
[PlyCount "78"]
[EventDate "2002.08.02"]
[EventType "swiss"]
[EventRounds "9"]
[EventCountry "ESP"]
[Source "lmi"]
[SourceDate "2002.08.02"]

1. d4 Nf6 2. c4 e6 3. Nf3 c5 4. d5 d6 5. Nc3 exd5 6. cxd5 g6 7. e4 Bg7 8. h3
O-O 9. Bd3 b5 10. Nxb5 Re8 11. O-O Nxe4 12. Re1 a6 13. Qa4 Nd7 14. Rxe4 Rxe4
15. Qxe4 Nf6 16. Qh4 axb5 17. Bxb5 Bb7 18. Bc6 Qb6 19. Bg5 Nxd5 20. Bxb7 Qxb7
21. Rd1 Rxa2 22. Qe4 Qxb2 23. Rd2 Qa1+ 24. Kh2 Nf6 25. Qe7 Rxd2 26. Qd8+ Bf8
27. Bxf6 Qa4 28. Nxd2 Qf4+ 29. Kg1 Qxd2 30. g4 Qe1+ 31. Kg2 Qe6 32. g5 d5 33.
h4 d4 34. f3 Qd6 35. Qxd6 Bxd6 36. Kf2 Kf8 37. Ke2 Ke8 38. Kd3 Kd7 39. Ke4 Bg3
0-1

[Event "12. Obert Pobla de Lillet 2002"]
[Site "La Pobla de Lillet ESP"]
[Date "2002.08.09"]
[Round "8.6"]
[White "Pascual Genoves, Marc"]
[Black "Sulypa, Alexandre"]
[Result "0-1"]
[WhiteElo "2090"]
[BlackElo "2505"]
[PlyCount "50"]
[EventDate "2002.08.02"]
[EventType "swiss"]
[EventRounds "9"]
[EventCountry "ESP"]
[Source "lmi"]
[SourceDate "2002.08.02"]

1. e4 c5 2. Nf3 d6 3. Bb5+ Nd7 4. c3 Ngf6 5. Qe2 a6 6. Ba4 e5 7. O-O Be7 8. d4
b5 9. Bc2 O-O 10. Nbd2 Qc7 11. dxe5 dxe5 12. a4 Bb7 13. b3 Nh5 14. g3 g6 15.
Re1 Bc6 16. axb5 axb5 17. Bb2 Rae8 18. Nf1 Qb7 19. N3d2 Ng7 20. Rad1 f5 21. f3
f4 22. Kg2 h5 23. Ra1 Ne6 24. Bd3 fxg3 25. hxg3 h4 0-1

[Event "12. Obert Pobla de Lillet 2002"]
[Site "La Pobla de Lillet ESP"]
[Date "2002.08.09"]
[Round "8.7"]
[White "Zarrouati, Pierre"]
[Black "Foisor, Cristina Adela"]
[Result "0-1"]
[WhiteElo "2181"]
[BlackElo "2419"]
[PlyCount "116"]
[EventDate "2002.08.02"]
[EventType "swiss"]
[EventRounds "9"]
[EventCountry "ESP"]
[Source "lmi"]
[SourceDate "2002.08.02"]

1. d4 g6 2. Nf3 Bg7 3. g3 d6 4. Bg2 Nd7 5. c4 e5 6. Nc3 Ne7 7. O-O O-O 8. dxe5
dxe5 9. Qc2 c6 10. Rd1 Qc7 11. b3 Nf5 12. e3 Re8 13. Bb2 a5 14. Ne4 f6 15. Rd2
Nf8 16. g4 Nh6 17. g5 fxg5 18. Nfxg5 Bf5 19. Rad1 Nf7 20. Nxf7 Qxf7 21. Qc3
Bxe4 22. Bxe4 Qe7 23. Bg2 Qh4 24. Qc2 Ne6 25. Qe4 Qxe4 26. Bxe4 Nc5 27. Bc2 Bf8
28. a3 Na6 29. h4 Re6 30. Rd8 Rxd8 31. Rxd8 Rd6 32. Rxd6 Bxd6 33. Kg2 Kf7 34.
Kh3 h5 35. Bc1 Nc5 36. b4 axb4 37. axb4 Ne6 38. Bb2 Ng7 39. c5 Bc7 40. Bb3+ Ne6
41. Bc3 Kf6 42. e4 Ke7 43. Bxe6 Kxe6 44. Bd2 Bd8 45. Be3 Kd7 46. Kg3 Kc8 47.
Kh3 Be7 48. f3 b6 49. Bf2 bxc5 50. bxc5 Kb7 51. Bg3 Bf6 52. f4 exf4 53. Bxf4
Kc8 54. Bd6 Kd7 55. e5 Bd8 56. Kg3 Ke6 57. Bb8 Kf5 58. Bd6 Ba5 0-1

[Event "12. Obert Pobla de Lillet 2002"]
[Site "La Pobla de Lillet ESP"]
[Date "2002.08.09"]
[Round "8.8"]
[White "Foisor, Sabina"]
[Black "Vazquez, Renier"]
[Result "0-1"]
[WhiteElo "2038"]
[BlackElo "2406"]
[PlyCount "54"]
[EventDate "2002.08.02"]
[EventType "swiss"]
[EventRounds "9"]
[EventCountry "ESP"]
[Source "lmi"]
[SourceDate "2002.08.02"]

1. e4 c5 2. d4 cxd4 3. c3 d3 4. Bxd3 Nc6 5. Nf3 g6 6. O-O Bg7 7. Be3 d6 8. Qd2
Nf6 9. c4 Bg4 10. Nd4 O-O 11. f4 Bd7 12. h3 Nxd4 13. Bxd4 Bc6 14. Nc3 e5 15.
Be3 exf4 16. Bxf4 Nh5 17. Bh2 Qa5 18. Bxd6 Rfd8 19. c5 Bd4+ 20. Kh1 Rxd6 21.
cxd6 Ng3+ 22. Kh2 Be5 23. Kg1 Nxf1 24. Rxf1 Bxd6 25. Bc4 Qc5+ 26. Kh1 Qxc4 27.
Qxd6 Qxf1+ 0-1

[Event "12. Obert Pobla de Lillet 2002"]
[Site "La Pobla de Lillet ESP"]
[Date "2002.08.09"]
[Round "8.9"]
[White "Ayza Ballester, Jordi"]
[Black "Martorell Aguado, Joan"]
[Result "1-0"]
[WhiteElo "2289"]
[BlackElo "2076"]
[PlyCount "89"]
[EventDate "2002.08.02"]
[EventType "swiss"]
[EventRounds "9"]
[EventCountry "ESP"]
[Source "lmi"]
[SourceDate "2002.08.02"]

1. e4 c5 2. Nf3 Nc6 3. d4 cxd4 4. Nxd4 Nf6 5. Nc3 e5 6. Ndb5 d6 7. Nd5 Nxd5 8.
exd5 Ne7 9. c3 Nf5 10. Be2 a6 11. Na3 Be7 12. Nc4 O-O 13. a4 Nh4 14. O-O f5 15.
f4 exf4 16. Bxf4 b6 17. Qd4 g5 18. Nxb6 Rb8 19. Nxc8 Qxc8 20. Bc1 f4 21. Qe4
Qc5+ 22. Kh1 Bf6 23. Bg4 Be5 24. Rb1 Kg7 25. Bd2 Rbe8 26. Be6 Qc7 27. Be1 Ng6
28. Bf2 Qb7 29. Qc4 h5 30. b4 h4 31. b5 Rxe6 32. bxa6 Qa8 33. dxe6 h3 34. Rb7+
Kf6 35. gxh3 Rc8 36. Qb5 Bxc3 37. Kg1 Ne5 38. Rb1 Rh8 39. e7 Qc8 40. Rd1 Qxh3
41. Rxd6+ Kf5 42. Bg3 fxg3 43. Qb1+ Kg4 44. Qe4+ Kh5 45. e8=Q+ 1-0

[Event "12. Obert Pobla de Lillet 2002"]
[Site "La Pobla de Lillet ESP"]
[Date "2002.08.10"]
[Round "9.1"]
[White "Pogorelov, Ruslan"]
[Black "Velicka, Petr"]
[Result "1/2-1/2"]
[WhiteElo "2453"]
[BlackElo "2435"]
[PlyCount "21"]
[EventDate "2002.08.02"]
[EventType "swiss"]
[EventRounds "9"]
[EventCountry "ESP"]
[Source "lmi"]
[SourceDate "2002.08.02"]

1. Nf3 d5 2. d4 Nf6 3. c4 c6 4. Nc3 a6 5. cxd5 cxd5 6. Bf4 Nc6 7. e3 Bg4 8. Be2
e6 9. O-O Bd6 10. Bxd6 Qxd6 11. Re1 1/2-1/2

[Event "12. Obert Pobla de Lillet 2002"]
[Site "La Pobla de Lillet ESP"]
[Date "2002.08.10"]
[Round "9.3"]
[White "Peralta, Fernando"]
[Black "Sulypa, Alexandre"]
[Result "1/2-1/2"]
[WhiteElo "2499"]
[BlackElo "2505"]
[PlyCount "20"]
[EventDate "2002.08.02"]
[EventType "swiss"]
[EventRounds "9"]
[EventCountry "ESP"]
[Source "lmi"]
[SourceDate "2002.08.02"]

1. Nf3 d5 2. c4 d4 3. b4 c5 4. Bb2 a5 5. a3 f6 6. e3 e5 7. bxc5 Bxc5 8. Nxd4
Bxd4 9. exd4 exd4 10. d3 Ne7 1/2-1/2

[Event "12. Obert Pobla de Lillet 2002"]
[Site "La Pobla de Lillet ESP"]
[Date "2002.08.10"]
[Round "9.4"]
[White "Abreu, Aryam"]
[Black "Berzinsh, Roland"]
[Result "1/2-1/2"]
[WhiteElo "2454"]
[BlackElo "2463"]
[PlyCount "62"]
[EventDate "2002.08.02"]
[EventType "swiss"]
[EventRounds "9"]
[EventCountry "ESP"]
[Source "lmi"]
[SourceDate "2002.08.02"]

1. e4 e5 2. Nf3 Nc6 3. Bb5 a6 4. Ba4 Nf6 5. O-O Be7 6. Re1 b5 7. Bb3 O-O 8. d3
d6 9. a3 Bg4 10. c3 Na5 11. Ba2 c5 12. Nbd2 Nd7 13. h3 Bh5 14. g4 Bg6 15. b4
Nc6 16. Nf1 Nb6 17. Ne3 c4 18. Nd5 Nxd5 19. exd5 Nb8 20. dxc4 bxc4 21. Bxc4 Nd7
22. Bd3 f5 23. gxf5 Bxf5 24. Bxf5 Rxf5 25. Be3 Qe8 26. Nd2 Nf6 27. c4 Qd7 28.
Kf1 Rf8 29. a4 Rh5 30. Ke2 Rxh3 31. Rh1 Qg4+ 1/2-1/2

[Event "12. Obert Pobla de Lillet 2002"]
[Site "La Pobla de Lillet ESP"]
[Date "2002.08.10"]
[Round "9.5"]
[White "Vazquez, Renier"]
[Black "Foisor, Ovidiu"]
[Result "1-0"]
[WhiteElo "2406"]
[BlackElo "2422"]
[PlyCount "51"]
[EventDate "2002.08.02"]
[EventType "swiss"]
[EventRounds "9"]
[EventCountry "ESP"]
[Source "lmi"]
[SourceDate "2002.08.02"]

1. e4 e6 2. d4 d5 3. Nc3 Nf6 4. e5 Nfd7 5. f4 c5 6. Nf3 Nc6 7. Be3 a6 8. Qd2 b5
9. dxc5 Bxc5 10. Bxc5 Nxc5 11. Qf2 Qb6 12. b4 Nd7 13. Rb1 Qc7 14. Ne2 O-O 15.
Ned4 Nxd4 16. Nxd4 Nb6 17. Bd3 f6 18. Qh4 g5 19. Qh6 gxf4 20. exf6 Ra7 21. O-O
e5 22. Rbe1 e4 23. Nc6 Rf7 24. Qg5+ Kh8 25. Nxa7 Qxa7 26. Kh1 1-0